Score 0/18 Timer 03:00
0 Plays Today
Clue 4-Letter Word % Correct
Santa lives at the North onePOLE
98.4%
In humans, the sex with an XY chromosomeMALE
98.1%
The tortoise's competitor, in a fableHARE
95.4%
An opening in the skinPORE
95.2%
'___-in-the-Wall Gang' HOLE
94.8%
A golfer's cryFORE
94.6%
UnclothedBARE
93.7%
One's partner for having offspringMATE
92.9%
⬌ Henry ___, who hired spies to prevent his workers from unionizing with United Automobile Workers ⬌⬌ FORD ⬌
91.3%
Clue 4-Letter Word % Correct
⬌ Nathan ___, who spied for the Continental Army during the American Revolutionary War ⬌⬌ HALE ⬌
91.2%
⬌ Fictional James ___, whose occupation was a spy ⬌⬌ BOND ⬌
90.1%
Having an affinity toward someone, with ofFOND
85.8%
'Walls' of a prison cellBARS
83.5%
Hardy, Lost or Beach followerBOYS
67.2%
Bengal and Hudson, e.g.BAYS
66.9%
⬌ Belle ___, who spied for the Confederate Army during the American Civil War ⬌⬌ BOYD ⬌
62.5%
⬌ Spy for Germany, and possibly France, during World War I: [First Rung] ___⬌ HARI ⬌
49.3%
⬌ Spy for Germany, and possibly France, during World War I: _____ [Last Rung] ⬌⬌ MATA ⬌
48.9%

Today's Daily Dose

Remove Ads.
Support Sporcle.
Get the best of Sporcle when you Go Orange. This ad-free experience offers more features, more stats, and more fun while also helping to support Sporcle. Thank you for becoming a member.

You're not logged in!

Compare scores with friends on all Sporcle quizzes.
OR
Log In

Show Comments

Extras

Top Quizzes Today


Score Distribution

Your Account Isn't Verified!

In order to create a playlist on Sporcle, you need to verify the email address you used during registration. Go to your Sporcle Settings to finish the process.

Report this User

Report this user for behavior that violates our Community Guidelines.

Details: